| 000 | 00945cam a2200301 i 4500 | ||
|---|---|---|---|
| 999 |
_c200458833 _d77045 |
||
| 003 | TR-AnTOB | ||
| 005 | 20231115172456.0 | ||
| 007 | ta | ||
| 008 | 010924s1979 enka 000 0 eng d | ||
| 020 | _a0003701190 | ||
| 040 |
_aBGZ _beng _erda _cTR-AnTOB |
||
| 041 | _aeng | ||
| 049 | _aBGZA | ||
| 050 |
_aPR4750 _b.M3 1979 |
||
| 090 |
_aPR4750 _b.M3 1979 |
||
| 100 | 1 |
_aHardy, Thomas, _d1840-1928 _eauthor _95102 |
|
| 245 | 1 | 4 |
_aThe mayor of Casterbridge / _cThomas Hardy ; abridged and simplified by Lewis Jones, illustrations by Maurees and Gordon Gray. |
| 264 | 1 |
_aLondon : _bCollins, _c1979. |
|
| 300 |
_a112 pages : _billustrations ; _c18 cm |
||
| 336 |
_atext _btxt _2rdacontent |
||
| 337 |
_aunmediated _bn _2rdamedia |
||
| 338 |
_avolume _bnc _2rdacarrier |
||
| 490 | 0 |
_aCollins English Library ; _vlevel 5 |
|
| 650 | 0 |
_aEnglish fiction _95420 |
|
| 650 | 0 |
_aEnglish literature _987913 |
|
| 942 |
_2lcc _cBK |
||